| 000 | 00492nam a22001817a 4500 | ||
|---|---|---|---|
| 003 | OSt | ||
| 005 | 20260330160806.0 | ||
| 008 | 260330b |||||||| |||| 00| 0 eng d | ||
| 020 | _a9788190439435 | ||
| 082 |
_a745.0954 _bARYU |
||
| 100 | _aAryan, S & Aryan, B.N | ||
| 245 | _aUnknown Masterpieces of Indian Folk and Tribal Art | ||
| 260 |
_aNew Delhi _bK. C Aryan's Home of Folk Art _c2016 |
||
| 300 | _a299p | ||
| 546 | _aEnglish | ||
| 650 | _aDrawing & Decorating Arts | ||
| 942 |
_2ddc _cBK |
||
| 999 |
_c3971 _d3971 |
||